Quelle ville de l'Aude ? - Statistiques

Statistiques générales
  • Ce quiz a été pris 41 fois
  • Le résultat moyen est 10 sur 20
Statistiques - réponses
Quelle commune audoise... Lettre Ville % Correct
...est traversée par le canal de la Robine et la via Domitia ? N Narbonne
94%
...vit sa cité fortifiée être restaurée par Eugène Viollet-le-Duc à partir de 1840 ? C Carcassonne
92%
...est la capitale du cassoulet, qu'elle célèbre chaque année au mois d'août ? C Castelnaudary
86%
...est le lieu de production de deux vins effervescents, une blanquette et un crémant ? L Limoux
69%
...abrite une réserve africaine où vivent plus de 3 800 animaux ? S Sigean
69%
...dispose d'une plage parsemée de chalets en bois sur pilotis ? G Gruissan
64%
...a vu le colonel Beltrame se sacrifier pour sauver des otages le 23 mars 2018 ? T Trèbes
61%
...est célèbre pour le château de Quéribus et le curé des Lettres de mon moulin ? C Cucugnan
58%
...dispose du troisième plus gros port français sur la Méditerranée ? P Port-la-Nouvelle
58%
...organise chaque année le Mondial du Vent et le festival de doublage Voix d'Etoiles ? L Leucate
56%
...fut chef-lieu de district de la création du département en 1790 à la réforme de 1795 ? Q Quillan
56%
...peut être considérée comme la capitale du massif des Corbières ? L Lézignan-Corbières
50%
...fut rendue célèbre par l'abbé Saunière qui y aurait découvert le trésor des Templiers ? R Rennes-le-Château
36%
...est indissociable de la fin du monde de décembre 2012 et de Sylvain Durif ? B Bugarach
31%
...est réputée pour son château et les vins AOC auxquels il donne son nom ? F Fitou
31%
...était autrefois Eburomagus, l'une des agglomérations gallo-romaines du Lauragais ? B Bram
28%
...voit l'Aude se jeter dans la Méditerranée, à la frontière avec l'Hérault ? F Fleury
28%
...est le seul plus beau village de France du département, aux célèbres remparts ? L Lagrasse
25%
...accueille le terminus du train rouge du pays Cathare et du Fenouillèdes ? A Axat
22%
...abrite l'Auberge du Vieux Puits, restaurant triplement étoilé de Gilles Goujon ? F Fontjoncouse
22%
Aucun quiz correspondant
Distribution des résultats
% des personnes avec chaque résultat
Percentile par nombre de réponses
Votre historique - résultats
Vous n’avez pas pris ce quiz